| 000 | 00465nam a2200157Ia 4500 | ||
|---|---|---|---|
| 008 | 160316s1999 xxu||||| |||| 00| 0 eng d | ||
| 082 |
_a370.783000 _bSIX |
||
| 100 | _a | ||
| 245 | _aSixth all India educational survey : The main report | ||
| 250 | _a | ||
| 260 |
_aNew Delhi _bNational Council of Educational Research & Trainli _c1999 |
||
| 300 |
_a413p _b _cx |
||
| 365 | _bRs.486 | ||
| 650 | _a1. Primary - Secondary - India - A Survey - Report | ||
| 700 |
_a _a |
||
| 999 |
_c15692 _d15692 |
||